Metodología de la investigación

Saved in:
Bibliografiske detaljer
Main Authors: Hernández Sampieri, Roberto (autor), Fernández Collado, Carlos (Author), Baptista Lucio, María del Pilar (Author)
Format: Bog
Sprog:spansk
Udgivet: Ciudad de México McGraw-Hill 2003
Udgivelse:3a. ed
Fag:
Tags: Tilføj Tag
Ingen Tags, Vær først til at tagge denne postø!

MARC

LEADER 00000nam a2200000 a 4500
001 UCL2642
003 CL-VaPUC
008 031031e20030000MX |||||||||||||||||spa|d
020 |a 9701036328 
082 0 4 |a 001.42  |b HER  |2 21 
100 |a Hernández Sampieri, Roberto  |e autor  |9 581658 
700 0 |a Fernández Collado, Carlos  |e author  |9 479754 
700 0 |a Baptista Lucio, María del Pilar  |e author  |9 479755 
245 1 0 |a Metodología de la investigación 
250 |a 3a. ed 
300 |a 705 p 
942 |c BK 
945 |d 20031031 00:00:00  |a cmena 
260 |a Ciudad de México  |b McGraw-Hill  |c 2003 
500 |a Incluye Cd-rom 
650 0 |a Métodos de investigación   |9 262618 
650 0 |a Desarrollo científico  |9 259799 
650 0 |a Investigación científica  |9 259857 
583 |a last modification  |c 20190726 10:05:24  |k Rodrigo Vera 
999 |c 305896  |d 305894 
952 |0 0  |1 0  |4 0  |6 001_420000000000000_HER_2003  |7 0  |8 A  |9 370429  |a BIBGIM  |b BIBGIM  |d 2019-11-21  |i 3959201  |o 001.42 HER 2003  |p 3959201  |r 2025-01-15  |w 2019-11-21  |y BK  |k SSL 
952 |0 0  |1 0  |4 0  |6 001_420000000000000_HER_2003  |7 0  |8 A  |9 370430  |a BIBGIM  |b BIBGIM  |d 2019-11-21  |i 395921K  |o 001.42 HER 2003  |p 395921K  |r 2025-01-15  |w 2019-11-21  |y BK  |k SSL 
952 |0 0  |1 0  |2 ddc  |4 0  |6 001_420000000000000_HER_2003  |7 0  |8 R  |9 370431  |a BIBING  |b BIBING  |d 2019-11-21  |i 3958078  |o 001.42 HER 2003  |p 3958078  |r 2023-03-02  |w 2019-11-21  |y BK_R  |k CCL 
952 |0 0  |1 0  |4 0  |6 001_420000000000000_HER_2003  |7 0  |8 A  |9 370432  |a BIBGIM  |b BIBGIM  |d 2019-11-21  |i 3973255  |o 001.42 HER 2003  |p 3973255  |r 2025-01-15  |w 2019-11-21  |y BK  |k EST 
952 |0 0  |1 0  |4 0  |6 001_420000000000000_HER_2003  |7 0  |8 A  |9 370433  |a BIBGIM  |b BIBGIM  |d 2019-11-21  |i 3973263  |l 1  |o 001.42 HER 2003  |p 3973263  |r 2025-01-15  |s 2024-10-10  |w 2019-11-21  |y BK  |k EST 
952 |0 0  |1 0  |4 0  |6 001_420000000000000_HER_2003  |7 0  |8 A  |9 370434  |a BIBGIM  |b BIBGIM  |d 2019-11-21  |i 3973271  |o 001.42 HER 2003  |p 3973271  |r 2025-01-15  |w 2019-11-21  |y BK  |k EST 
952 |0 0  |1 0  |4 0  |6 001_420000000000000_HER_2003  |7 0  |8 A  |9 370435  |a BIBGIM  |b BIBGIM  |d 2019-11-21  |i 397328K  |l 1  |o 001.42 HER 2003  |p 397328K  |r 2025-01-15  |s 2023-08-18  |w 2019-11-21  |y BK  |k EST 
952 |0 0  |1 0  |4 0  |6 001_420000000000000_HER_2003  |7 0  |8 A  |9 370441  |a BIBGIM  |b BIBGIM  |d 2019-11-21  |i 4165748  |o 001.42 HER 2003  |p 4165748  |r 2025-01-15  |w 2019-11-21  |y BK  |k SSL 
952 |0 0  |1 0  |4 0  |6 001_420000000000000_HER_2003  |7 0  |8 A  |9 370442  |a BIBGIM  |b BIBGIM  |d 2019-11-21  |i 4179013  |o 001.42 HER 2003  |p 4179013  |r 2025-01-15  |w 2019-11-21  |y BK  |k SSL 
952 |0 0  |1 0  |4 0  |6 001_420000000000000_HER_2003  |7 0  |8 A  |9 370443  |a BIBGIM  |b BIBGIM  |d 2019-11-21  |i 4179021  |l 2  |m 3  |o 001.42 HER 2003  |p 4179021  |r 2025-01-15  |s 2020-03-05  |w 2019-11-21  |y BK  |k SSL 
952 |0 0  |1 0  |2 ddc  |4 0  |6 001_420000000000000_HER_2003  |7 0  |8 A  |9 370444  |a BIBEDU  |b BIBEDU  |c GEN  |d 2019-11-21  |i 4302737  |o 001.42 HER 2003  |p 4302737  |r 2019-11-21  |w 2019-11-21  |y BK  |k EFI 
952 |0 0  |1 0  |2 ddc  |4 0  |6 001_420000000000000_HER_2003  |7 0  |8 A  |9 370448  |a BIBEDU  |b BIBEDU  |c GEN  |d 2019-11-21  |i 4323823  |l 2  |o 001.42 HER 2003  |p 4323823  |r 2024-03-19  |s 2023-12-20  |w 2019-11-21  |y BK  |k EFI